000 00836cam a2200313 a 4500
001 3995683
003 OSt
005 20140310181715.0
008 961031s1995 ph b 001 0ceng
010 _a 95947630
020 _a9716300468 (hard)
020 _a9716300352 (pbk.)
040 _aDLC
_cDLC
_dDLC
042 _alcode
043 _aa-ph---
050 0 0 _aDS 676.8
_b.Qu8 1995
082 0 0 _aFIL 920.09599
_bQ48 1995
100 1 _aQuirino, Carlos.
245 1 0 _aWho's who in Philippine history /
_cCarlos Quirino.
260 _aMetro Manila, Philippines :
_bTahanan Books,
_c1995.
300 _a227 p. :
_c25 cm.
651 0 _aPhilippines
_xBiography.
906 _a7
_bcbc
_corigode
_d3
_encip
_f19
_gy-gencatlg
942 _2lcc
_cBK
_kFIL
999 _c1721
_d1721